000 00339nam a2200133Ia 4500
005 20251222142001.0
008 251222s9999||||xx |||||||||||||| ||spa||
020 _a9972-51-033-6
082 _a394.14/C85
100 _aCotler, Julio
245 0 _aDrogas y PolĂ­tica en el PerĂș:
264 _bInstituto de Estudios Peruanos
942 _cLIB
999 _c10022
_d10022